Adaptive Indian : Identity and ethos (Record no. 445778)

000 -LEADER
fixed length control field 00445cam a22001577a 4500
008 - FIXED-LENGTH DATA ELEMENTS--GENERAL INFORMATION
fixed length control field 180718b2013 xxu||||| |||| 00| 0 eng d
020 ## - INTERNATIONAL STANDARD BOOK NUMBER
International Standard Book Number 9788122204551
082 ## - DEWEY DECIMAL CLASSIFICATION NUMBER
Classification number AB R118a
100 ## - MAIN ENTRY--PERSONAL NAME
Personal name Radhakrishnan, S.
245 ## - TITLE STATEMENT
Title Adaptive Indian : Identity and ethos
Statement of responsibility, etc. by S. Radhakrishnan
260 ## - PUBLICATION, DISTRIBUTION, ETC.
Place of publication, distribution, etc. New Delhi
Name of publisher, distributor, etc. Orient
Date of publication, distribution, etc. 2013
300 ## - PHYSICAL DESCRIPTION
Extent 125p.
650 ## - SUBJECT ADDED ENTRY--TOPICAL TERM
Topical term or geographic name entry element India
650 ## - SUBJECT ADDED ENTRY--TOPICAL TERM
Topical term or geographic name entry element Philosophy and religion
650 ## - SUBJECT ADDED ENTRY--TOPICAL TERM
Topical term or geographic name entry element Philosophy and religion -- India
Holdings
Withdrawn status Lost status Damaged status Not for loan Permanent Location Current Location Date acquired Full call number Barcode Date last seen Price effective from Koha item type Total Checkouts Date last checked out
        Indian Institute of Public Administration Indian Institute of Public Administration 2017-07-05 AB R118a 87102 2018-07-21 2018-07-21 Book    
        Indian Institute of Public Administration Indian Institute of Public Administration 2017-07-05 AB R118a 87101 2018-07-21 2018-07-21 Book    
        Indian Institute of Public Administration Indian Institute of Public Administration 2017-07-05 AB R118a 87100 2018-07-21 2018-07-21 Book    
        Indian Institute of Public Administration Indian Institute of Public Administration 2017-07-05 AB R118a 87099 2018-07-21 2018-07-21 Book    
        Indian Institute of Public Administration Indian Institute of Public Administration 2017-07-05 AB R118a 87098 2021-01-07 2018-07-21 Book 1 2020-10-23

Powered by Koha